00480nam a2200193Ia 4500003000900000008004100009040001300050040001300063041000800076100001900084245005700103250003100160260003300191260000900224300001100233300001000244490002300254490000900277IT-RoPAU120407s9999 xx 000 0 und d aIT-RoPAU cIT-RoPAU aita aHenri de Lubac aParadossi e nuovi paradossi. L’uomo davanti a Dio. aMilano - Cinisello Balsamo aJaca Book - Edizioni Paoline c1989 a201 p. c23 cm aGià e non ancora v1172